000 01191nam a22002777a 4500
003 dpl
005 20180908124813.0
008 180908b xxu||||| |||| 00| 0 eng d
010 _aB-070833
020 _c500.00
_a8170543011
035 _aB-070833, B-070834
037 _bCen Lib/Ret
040 _aDPL
_bHN
_c0
082 _a
_bबहोरे
100 _aबहोरे, रविन्द्र नाथ
_945784
245 _aवन्देमातरम /
_c रवीन्द्र नाथ बहोरे
246 _aVandematram
_b by Ravindranath Bahore
260 _aनई दिल्ली
_bक्लासिकल पब्लिशिंग
_c2002
270 _a28, शापिंग सेण्टर करमपुरा
_bनई दिल्ली
_e110015
300 _a298पृष्ठ.
_c21सेमी(सजिल्द)
650 _aहिंदी साहित्य
_969902
650 _aराष्ट्रीय क्रांतिकारी उपन्यास
_969903
650 _aHindi literature
_969904
650 _aNational Revolutionary Novel
_969905
942 _2ddc
_cHN
_h
_mबहोरे
999 _c117068
_d117068